Last Lines Before Dying III Quiz Stats

 Plays Quiz Updated Jun 23, 2015

Score 0/20 Timer 06:00
1 Play Today
Last Line Movie % Correct
And never let go of that promise. Never let go...Titanic (Jack)
96.2%
Here. I cannot self-terminate: you must lower me into the steel. Goodbye.Terminator 2 (The Terminator)
75.1%
I'm sorry for what I am... please boss: don't put that thing over my face... I's afraid of the dark.The Green Mile (John Coffey)
71.8%
What was it you said to me before? “Yippie-ki-yay, ************'?Die Hard (Hans Gruber)
70.5%
We are Groot.Guardians of the Galaxy (Groot)
64.6%
Oh, no no no... no, it's not fair!The Matrix Revolutions (Agent Smith)
61.3%
I have been, and always shall be, your friend. Live long and prosper.Star Trek II (Spock)
58.5%
It won't be a stylish marriage, I can't afford a carriage. But you'll look sweet upon the seat of a bicycle built for two.2001: A Space Odyssey (HAL)
49.3%
Sorry, I couldn't resist.Django Unchained (Schultz)
48.2%
You're not a bad person. You're a terrific person. You're my favorite person, but every once in a while, you can be a real ****. How do I look?Kill Bill Vol. 2 (Bill)
48%
Last Line Movie % Correct
Our people, our people. I would have followed you. My brother, my captain, my king.Lord of the Rings: The Fellowship of the Ring (Boromir)
47%
Man, I don't even have an opinion.Pulp Fiction (Marvin)
44.6%
We're going to pull together and we're going to find a way to get out of here! First, we're going to seal off this pool!Deep Blue Sea (Russell)
36.7%
And if you see your friend Shep Proudfoot, tell him I'm gonna nail his ****in' ***. (leaves house) Oh no! Ahhhh!Fargo (Carl)
27.6%
This is not about my life... or Cooper's life. This is about all mankind. There is a moment-Interstellar (Dr. Mann)
23.2%
Take me! Come into me! ******* you! Take me! Take me! No!The Exorcist (Karras)
21.6%
I am invincible!Goldeneye (Boris)
21.6%
Kids: we're going to do a few hold-ups to get my business going again.City of God (Lil 'Ze)
20.1%
What have I done?The Bridge on the River Kwai (Col. Nicholson)
13.5%
Now, if that's a fact, tell me, am I lying? 'Cause you're part eggplant. Huh? Hey! Hey! Hey!True Romance (Clifford)
9.9%

You're not logged in!

Compare scores with friends on all Sporcle quizzes.
OR
Log In

Show Comments

Extras

Top Quizzes Today


Score Distribution

Your Account Isn't Verified!

In order to create a playlist on Sporcle, you need to verify the email address you used during registration. Go to your Sporcle Settings to finish the process.

Report this User

Report this user for behavior that violates our Community Guidelines.

Details: